| 000 | 00411nam a22001217a 4500 | ||
|---|---|---|---|
| 999 |
_c507108 _d507108 |
||
| 082 | _aL906x5441 S | ||
| 100 |
_aGovernment of Assam _9713 |
||
| 245 |
_aReport of the Comptroller and Auditor General of India on social general and economic (non-psu) sectors _cby Government of Assam |
||
| 260 |
_aGuwahati _bGovernment of Assam _c2018 |
||
| 300 | _a301p. | ||
| 440 |
_vNo.2 _9714 |
||
| 600 |
_aAudit - CAG - Assam _9715 |
||